| 000 | 00905cab a2200277 4500 | ||
|---|---|---|---|
| 001 | ABS60119 | ||
| 008 | 090401t1999 xxu||||| |||| 00| 0 eng d | ||
| 035 | _a(Sirsi) u99756 | ||
| 041 | _aeng | ||
| 245 | _aBusiness parks: special report | ||
| 260 | _c1999 | ||
| 350 | _a0 | ||
| 490 |
_aProperty Week _v64(9) 5 March 1999, 36-58(11) |
||
| 520 | _aFeature on business parks. Includes articles on John Prescott`s planning regime and whether business parks will survive it, Bedfont Lakes near Heathrow, and the possibility of the new Silicone Valley being built in the UK. | ||
| 650 | _aARLINGTON | ||
| 650 | _aAVAILABILITY | ||
| 650 | _aBEDFONT LAKES | ||
| 650 | _aBUSINESS PARKS | ||
| 650 | _aDEVELOPMENTS | ||
| 650 | _aMEPC | ||
| 650 | _aPLANNING | ||
| 650 | _aSILICON VALLEY | ||
| 690 | _aPROPERTY-COMMERCIAL PROPERTY-COMMERCIAL PROPERTY MARKET | ||
| 942 | _n0 | ||
| 948 | _c08/03/1999 | ||
| 999 |
_c59989 _d59989 |
||